000 00535nam a2200217Ia 4500
003 OSt
005 20221005131247.0
006 a|||||r|||| 00| 0
007 ta
008 221004b |||||||| |||| 00| 0 snd d
024 _a7035
037 _cTextual
040 _aCRL
_cCRL
_bsnd
041 _2snd
_asnd
082 _aQ8441:5, 1593J4
100 _aSachanandani
_9206409
245 0 _aShri Sukhmani Sahib
260 _c1954
942 _hQ8441:5, 1593J4
_cTEXL
_2cc
999 _c1059788
_d1059788